000 05582nam a22006374a 4500
005 20080618145148.0
008 080826t xxu||||| |||| 00| 0 eng d
010 _aB-279927-953
020 _a9780670081240
_c695.00
035 _aB-279927-953
037 _bUBH
_a75/23.6.08
040 _aDPL
_bEnglish
082 _a921
100 _aĀnand, Dev
245 _aRomancing with life
_ban autobiography /
_cby Dev Anand
260 _aNew Delhi
_bPenguin/Viking,
_c2007.
270 _a11, Community Centre, Panchsheel Park,
_bNew Delhi
_e110017
300 _aix, 438 p. :
_bill. (chiefly col.) ;
_c24 cm +
_e
500 _a"Exclusive free DVD contains Dev Anand's personal selection of his greatest film songs, limited edition for free distribution with the book Romancing with life, not for sale, not to be distributed or sold separately."
500 _aIncludes index.
504 _a"Filmography": p. [418]-426.
600 _aĀnanda, Deva,
650 _aMotion picture actors and actresses
_zIndia
650 _aMotion picture producers and directors
_zIndia
942 _2ddc
_cEN
_h921
_mANA
999 _c15104
_d15104